000 00438nam a2200169Ia 4500
008 121026t1991 xxu||||| |||| 00| 0 sin d
041 _asin
080 _aX8S1
_bMUD
100 _aVimaladasa Mudage
245 _aදුරුතු උණුසුම
246 _aDuruthu Unusuma
260 _bNipina Entaprises
_aNugegoda
_c1991
300 _b52p., 18 cm
942 _cBK
999 _c75429
_d75429
003 LK-CoDNM
040 _aLK-CoDNM
_dLK-CoDNM
_eLK-CoDNM